Les 20 plus grandes villes de la Charente sur une carte - Statistiques

Statistiques générales
  • Ce quiz a été pris 91 fois
  • Le résultat moyen est 9 sur 20
Réponses sur la Carte
Les réponses sont colorées sur une échelle allant du rouge au vert en fonction du pourcentage des utilisateurs qui les ont devinées à leur premier essai. Vous pouvez retrouver ces pourcentages ci-dessous.
 
Statistiques - réponses
Population Initiale Ville % Correct
41 908 A Angoulême
100%
18 532 C Cognac
91%
7 765 (La) C La Couronne
68%
10 087 S Soyaux
65%
4 726 B Barbezieux-Saint-Hilaire
61%
4 486 J Jarnac
60%
3 449 R Ruffec
55%
5 682 (L')I L'Isle-d'Espagnac
44%
5 281 C Champniers
43%
7 408 R Ruelle-sur-Touvre
40%
5 862 G Gond-Pontouvre
38%
4 025 L La Rochefoucauld-en-Angoumois
38%
3 550 C Châteauneuf-sur-Charente
35%
7 539 S Saint-Yrieix-sur-Charente
32%
3 878 C Châteaubernard
25%
3 777 T Terres-de-Haute-Charente
25%
4 125 B Brie
23%
3 861 F Fléac
19%
4 357 R Roullet-Saint-Estèphe
14%
3 471 V Val-de-Cognac
9%
Aucun quiz correspondant
Distribution des résultats
% des personnes avec chaque résultat
Percentile par nombre de réponses
Votre historique - résultats
Vous n’avez pas pris ce quiz